Alternatívne riešenia vodovodu v bytovom dome

Gespeichert in:
Bibliographische Detailangaben
1. Verfasser: Dršková, Dominika (Verfasst von)
Weitere Verfasser: Peráčková, Jana (Betreuung Doktorarbeit)
Format: Manuskript Buch
Sprache:Slowakisch
Veröffentlicht: 2017
Schlagworte:
Online-Zugang:http://is.stuba.sk/zp/portal_zp.pl?podrobnosti=125350
https://opac.crzp.sk/?fn=detailBiblioForm&sid=4B7A8F8230E492173217678DC396
Tags: Tag hinzufügen
Keine Tags, Fügen Sie das erste Tag hinzu!

MARC

LEADER 00000ntm a22000003a 4500
001 stuzp63381
003 SK-STU
005 20230810093126.6
007 ta
008 150427s2015----xo-----f-mn---000-0-slo-d
040 |a STU  |b slo 
041 0 |a slo 
100 1 |a Dršková, Dominika  |u 010290  |4 aut  |U SvF Stavebná fakulta  |T SvF Katedra technických zariadení budov  |X 9925  |U V290  |Y 31  |7 9925 
242 0 1 |a ALternative solution of water supply in a block of flats  |y eng 
245 1 0 |a Alternatívne riešenia vodovodu v bytovom dome 
260 |c 2017 
650 4 |a technologické zariadenie  |2 slo 
650 4 |a bytový dom  |2 slo 
650 4 |a pitná voda  |2 slo 
650 4 |a vodovodné potrubie  |2 slo 
650 4 |a technological equipment  |2 eng 
650 4 |a block of flats  |2 eng 
650 4 |a pure water  |2 eng 
650 4 |a water pipe  |2 eng 
700 1 |a Peráčková, Jana  |u 010290  |k Z1  |4 ths  |U SvF Stavebná fakulta  |T SvF Katedra technických zariadení budov  |X 2739  |U V290  |Y 31  |7 A000002739 
856 4 |u http://is.stuba.sk/zp/portal_zp.pl?podrobnosti=125350 
856 4 |u https://opac.crzp.sk/?fn=detailBiblioForm&sid=4B7A8F8230E492173217678DC396